000 00684nam a2200241 a 4500
001 40726
003 BD-RjUL
005 20211209053254.0
008 711108s1966 nyub 000 0 eng
035 _a(BD-RjUL)40841)
040 _aDLC
_cDLC
_dBD-RjUL
_beng
041 _aeng
082 0 0 _a309.16
_223
_bFEA 1966
100 1 _aFerkiss, Victor C.
_9125312
245 1 0 _aAfrica's search for identity /
_c[by] Victor C. Ferkiss.
260 _aNew York,
_bBraziller
_c[1966]
300 _a346 p. :
_bmap.
_c22 cm.
651 0 _aAfrica
_xPolitics and government.
_9125313
651 0 _aAfrica
_xCivilization.
_9125314
942 _2ddc
_cBK
999 _c40726
_d40726